First Ministers of Wales - Statistics

General Stats
  • This quiz has been taken 6 times
  • The average score is 5 of 6
Answer Stats
Years Served Party First Minister % Correct
2009 - 2018 Labour Carwyn Jones
100%
2024 -Present Labour Eluned Morgan
100%
2018 - 2024 Labour Mark Drakeford
100%
2000 - 2009 Labour Rhodri Morgan
100%
2024 Labour Vaughan Gething
80%
1999 - 2000 Labour Alun Michael
60%
No matching quizzes found
Score Distribution
Percent of People with Each Score
Percentile by Number Answered
Your Score History
You have not taken this quiz